=LDR 00000nam 2200000 4500 =001 INLIS000000000018448 =005 20130612113625 =008 ***********************************Ind** =035 ##$$0010-061300000018448 =041 ##$$a Ind =082 ##$$a 410.7 =090 ##$$a 410.7, Bah b =245 ##$$a Bahasa dan sastra Indonesia untuk SMU, berdasarkan GBPP 1994 jilid IA kleas 1 caturwulan =260 ##$$a 1994 $b Malang =300 ##$$a vii, 47 hlm, 29 cm =650 ##$$a Bahasa Indonesia-Studi dan pengajaran =850 ##$$a NBPNMAT